000 00533nam a2200205Ia 4500
005 20231219094619.0
008 131103s9999 xx 000 0 und d
020 _a70582564
040 _aLoreto College
041 _aEnglish
082 _a428
_bKAD
100 _aKador, John
245 _a210 Best Questions to Ask on Your Interview,
_cJohn Kador
260 _aNew Delhi
_bTata McGraw-Hill
_c2003
300 _axxi,195p
504 _aInclude index
650 _aEnglish Language - Usage
850 _aLCLIB
942 _cBK
999 _c19065
_d69544